| 000 | 00588 a2200157 4500 | ||
|---|---|---|---|
| 082 | _aBEE-5 | ||
| 100 |
_aMuhammad Umar Farooq _915722 |
||
| 245 |
_aPerformance enhancement of solar power system _cMuhammad Umar Farooq |
||
| 260 |
_aIslamabad _bNUST School of Electrical Engineering and Computer Science _c2012 |
||
| 300 |
_a104p _b:ill. _c:27cm.+ _eCD-ROM |
||
| 500 | _aSupervisors: Mr. Aslam Azad, Dr. Tauseef Tauqeer | ||
| 563 | _aHB | ||
| 700 |
_aAmna Meer, Sajjad ur Rehman Sheikh _993574 |
||
| 856 | _uhttp://10.250.8.41:8080/xmlui/handle/123456789/10834 | ||
| 942 |
_cPR _kBEE-5 UMA _2ddc |
||
| 999 |
_c11284 _d11284 |
||